| 000 | 01667nam a2200517 a 4500 | ||
|---|---|---|---|
| 001 | 22317 | ||
| 003 | VRT | ||
| 005 | 20260326103641.0 | ||
| 008 | 110624|2011 xo g 000 0dslo d | ||
| 020 | _a9788081110382 (viaz.) | ||
| 035 | _a(VRT)vtls010276072 | ||
| 039 | 9 |
_a201110041235 _bzima _c201109121224 _dscepkova _c201106240901 _dviera |
|
| 040 |
_aHEVK _bslo _cUKB _dSVKBB _eAACR2 |
||
| 041 | 1 |
_aslo _hger |
|
| 044 |
_axo _cSK |
||
| 072 | 7 |
_a159.92 _xVývinová psychológia. Psychológia osobnosti _2konspekt |
|
| 080 |
_a159.93 _22001 |
||
| 080 |
_a159.952 _22001 |
||
| 080 |
_a159.923.5 _22001 |
||
| 080 |
_a(0.062) _22001 |
||
| 100 | 1 |
_aTepperwein, Kurt, _d1932- |
|
| 240 | 1 | 0 |
_aGelebte Achtsamkeit. Der Königsweg zu Freiheit und Fülle. _lSlovensky |
| 245 | 1 | 0 |
_aAktívne vnímanie _bkráľovská cesta k slobode a naplneniu _cKurt Tepperwein ; [z nemeckého originálu preložil Ján Zaťko] |
| 250 | _a1. vyd. | ||
| 260 |
_aBratislava _bNoxi _c2011 |
||
| 300 | _a119 s. | ||
| 500 | _aFrontsp. | ||
| 650 | 0 | 7 |
_avnímanie _2UKBPH |
| 650 | 0 | 7 |
_apozornosť _2UKBPH |
| 650 | 0 | 7 |
_ameditačné techniky _2UKBPH |
| 650 | 0 | 7 |
_arozvoj osobnosti _2UKBPH |
| 653 | _a159.93 | ||
| 653 | _a159.952 | ||
| 653 | _a159.923.5 | ||
| 653 | _a(0.062) | ||
| 655 | 0 | 7 |
_apopulárno-náučné publikácie _2UKBPH |
| 700 | 1 |
_aZaťko, Ján _4trl |
|
| 910 | _ahevk | ||
| 910 | _asvkbb | ||
| 910 | _aukb | ||
| 942 |
_2ddc _cOLDO _n0 |
||
| 949 |
_61800505261 _aSL.D.82464 _bPV.7215-2011 |
||
| 949 |
_61800505262 _aSK.D.50324 _bPV.7216-2011 _s6707:20111007 |
||
| 999 |
_c22317 _d22317 |
||